000 00783nam a22002537a 4500
001 57243
003 UA-OsUOA
005 20210711223824.0
007 ta
008 20081208b un ||||| |||| 00| 0 ukr d
020 _a9667270602
040 _aUA-OsUOA
_bukr
_cUA-OsUOA
_dUA-OsUOA
041 _aukr
080 _a821.161.2:7.071.7
090 _a821.161.2:7.071.7
_bБ67
100 _aБілаш О.
245 _aМовчать віки...
_bз останніх творів композитора і поета
260 _aК.
_bКиївська правда
_c2006
300 _a117 с.
650 7 _a82 Література. Літературознавство
_2UDC
942 _cBK
_2udc
955 _a3
999 _c343322
_d343322